[Event "1st Open"]
[Site "Sofia BUL"]
[Date "2006.05.14"]
[Round "5"]
[White "Ivanov,Stoi"]
[Black "Pancevski,F"]
[Result "0-1"]
[WhiteElo "2161"]
[BlackElo "2267"]

1.Nf3 Nf6 2.c4 g6 3.g3 Bg7 4.Bg2 O-O 5.O-O d6 6.d4 Nc6 7.Nc3 a6 8.d5 Na5
9.Nd2 c5 10.Rb1 Rb8 11.a3 b5 12.cxb5 axb5 13.b4 cxb4 14.axb4 Nc4 15.Nxc4 bxc4
16.Bd2 Bd7 17.Qc2 Rb7 18.e3 Bg4 19.h3 Bf5 20.e4 Bd7 21.Ne2 Qc8 22.Kh2 e5
23.dxe6 Bxe6 24.Bc3 d5 25.Qb2 Ne8 26.exd5 Bf5 27.Ra1 Bxc3 28.Qxc3 Bd3 29.Rfe1 Bxe2
30.Rxe2 Nd6 31.Ra6 Qb8 32.Qf6 Rb6 33.b5 Rc8 34.h4 c3 35.Rc2 Rxa6 36.bxa6 Qb3
37.Rxc3 Qxc3 38.Qxd6 Qd4 39.Qa3 Qxf2 40.Qd3 Rc2 41.Qxc2 Qxc2 42.d6 Qa4  0-1

[Event "3rd All-China Games"]
[Site "Suzhou CHN"]
[Date "2006.05.20"]
[Round "2"]
[White "Hong Jiarong"]
[Black "Li Chao2"]
[Result "0-1"]
[WhiteElo "2333"]
[BlackElo "2458"]

1.Nf3 Nf6 2.g3 g6 3.Bg2 Bg7 4.c4 O-O 5.O-O d5 6.d4 dxc4 7.Ne5 Ne8 8.Na3 c5
9.e3 cxd4 10.exd4 Nd6 11.Be3 Nc6 12.Nxc6 bxc6 13.Qa4 Bd7 14.Nxc4 c5 15.Qc2 cxd4
16.Bxa8 Qxa8 17.Nxd6 exd6 18.Bf4 Bh3 19.f3 Bxf1 20.Rxf1 Qd5 21.b3 Be5 22.Bh6 d3
23.Qc4 Qxc4 24.bxc4 Rc8 25.Be3 Rxc4 26.Bxa7 d2  0-1

[Event "37th Olympiad w"]
[Site "Turin ITA"]
[Date "2006.05.29"]
[Round "8"]
[White "Maric,A"]
[Black "Dembo,Y"]
[Result "1/2-1/2"]
[WhiteElo "2415"]
[BlackElo "2464"]

1.Nf3 Nf6 2.c4 g6 3.g3 Bg7 4.Bg2 O-O 5.O-O d6 6.d4 Nc6 7.Nc3 a6 8.e3 e5 9.d5 Ne7
10.e4 b5 11.Re1 bxc4 12.Nd2 Nd7 13.Nxc4 f5 14.exf5 gxf5 15.f4 Ng6 16.fxe5 Ndxe5
17.Nxe5 Nxe5 18.h3 Rb8 19.Rb1 Ng6 20.Ne2 Be5 21.Bh6 Re8 22.b3 Bd7 23.Qd2 Qf6
24.Bg5 Qg7 25.Bh6 Qf7 26.Nf4 Kh8 27.Rbc1 Rbc8 28.Nxg6+ Qxg6 29.Bf4 Qf6 30.Kh2 Qg7
31.Rc2 Rg8 32.Rec1 Be8 33.a4 Bh5 34.Rc4 Rge8 35.Re1 Rb8 36.b4 Re7 37.Bxe5 dxe5
38.d6 cxd6 39.Qxd6 Rg8 40.Qd3 Be8 41.Rc8 e4 42.Qc3 Qxc3 43.Rxc3 Bxa4 44.Bf1 Rg6
45.Rc5 Bd7 46.Rc7 Rd6 47.b5 axb5 48.Bxb5 Rg7 49.Rxd7 Rgxd7 50.Bxd7 Rd2+ 51.Kh1 Rxd7
52.g4 Kg7 53.gxf5 Re7 54.Kg2 Kf6 55.Kg3 Kxf5 56.Rf1+ Ke5 57.Rf8 Re6 58.Ra8 Rd6
59.h4 Rg6+ 60.Kf2 Rg4 61.h5 Kf4 62.Ra7 h6 63.Ra6 e3+ 64.Kf1 Kg5 65.Ra5+ Kh4
66.Ke2 Re4 67.Rb5 Kg4 68.Ra5 Re6 69.Rb5 Kf4 70.Ra5 Ke4 71.Ra3 Kf4 72.Ra5 Kg4  1/2-1/2

[Event "37th Olympiad w"]
[Site "Turin ITA"]
[Date "2006.05.29"]
[Round "8"]
[White "Calotescu,A"]
[Black "Lallemand,R"]
[Result "1/2-1/2"]
[WhiteElo "2325"]
[BlackElo "2243"]

1.Nf3 Nf6 2.c4 g6 3.g3 Bg7 4.Bg2 O-O 5.O-O d6 6.d4 Nc6 7.Nc3 a6 8.Re1 Rb8
9.Rb1 Nd7 10.e4 Nb6 11.b3 Bg4 12.Ne2 e5 13.d5 Bxf3 14.Bxf3 Nd4 15.Nxd4 exd4
16.Bb2 Qf6 17.Bg2 c5 18.dxc6 bxc6 19.f4 c5 20.Qd2 Rfe8 21.Qa5 Qd8 22.e5 dxe5
23.Qxc5 exf4 24.gxf4 Rxe1+ 25.Rxe1 Na4 26.Qa3 Nxb2 27.Qxb2 d3 28.Qd2 Qd4+
29.Kh1  1/2-1/2

[Event "28th Nezhmetdinov mem"]
[Site "Kazan RUS"]
[Date "2006.06.02"]
[Round "2"]
[White "Lyanguzov,O"]
[Black "Tkachuk,A"]
[Result "1-0"]
[WhiteElo "2333"]
[BlackElo "2160"]

1.c4 Nf6 2.Nf3 g6 3.g3 Bg7 4.Bg2 O-O 5.O-O d6 6.Nc3 c6 7.Rb1 a5 8.a3 Nbd7
9.b4 axb4 10.axb4 Qc7 11.d3 e5 12.Qb3 h6 13.Bb2 Kh7 14.Rbc1 Nh5 15.Rfd1 f5
16.Qc2 Ndf6 17.Na4 Be6 18.Ra1 Qf7 19.Nd2 Ng4 20.Rf1 f4 21.Ne4 d5 22.Nec5 fxg3
23.hxg3 Bf5 24.cxd5 Nxg3 25.fxg3 Ne3 26.Qd2 Nxf1 27.Rxf1 Qe7 28.dxc6 bxc6
29.Bxc6 Bh3 30.Rf3 Rxf3 31.exf3  1-0

[Event "37th Olympiad w"]
[Site "Turin ITA"]
[Date "2006.06.02"]
[Round "11"]
[White "Ribeiro,Re"]
[Black "Frick,D"]
[Result "1-0"]
[WhiteElo "2111"]
[BlackElo "1907"]

1.Nf3 Nf6 2.g3 g6 3.Bg2 Bg7 4.c4 O-O 5.Nc3 d6 6.e4 Nc6 7.O-O Rb8 8.d4 Bg4
9.h3 Bxf3 10.Bxf3 e5 11.d5 Nd4 12.Bg2 c5 13.dxc6 bxc6 14.b3 Nd7 15.Be3 c5
16.Qd2 Re8 17.Nd5 Nb6 18.Nc3 Qd7 19.Rad1 a5 20.f4 a4 21.Bxd4 exd4 22.Nb5 axb3
23.axb3 Nc8 24.Ra1 f5 25.exf5 Qxf5 26.g4 Qd7 27.Rfe1 Re7 28.Rxe7 Qxe7 29.Re1 Qd7
30.Bd5+ Kf8 31.Qe2 Qe7 32.Qf2 Qd8 33.Re6 Ne7 34.Rxd6 Qa5 35.Bg2 Rd8 36.Qe2 Re8
37.Re6 Qa1+ 38.Kh2 Rd8 39.Rxe7 d3 40.Qe6 Qf6 41.Qxf6+ Bxf6 42.Re1 Bh4 43.Rd1 d2
44.Na3 Rd3 45.Nb1 Bg3+ 46.Kg1 Bxf4 47.Kf2 Rxb3 48.Nxd2 Rc3 49.Ke2 Re3+ 50.Kf2 Rc3
51.Bf1 Be3+ 52.Ke1 Bd4 53.Nb1 Rb3 54.Kd2 Kf7 55.Kc2 Rf3 56.Bg2 Rg3 57.Bf1 Rf3
58.Nd2 Rc3+ 59.Kb1 Re3 60.Ka2 Ke6 61.Nb3 Rf3 62.Ka3 Kd6 63.Ka4 Kc7 64.Nxd4 cxd4
65.c5 Rf2 66.Kb5 Rb2+ 67.Kc4 Kc6 68.Kxd4 Rc2 69.Bc4 h5 70.gxh5 gxh5 71.Rf1 Rd2+
72.Bd3 Rh2 73.Rf6+ Kc7 74.Bf5 Rd2+ 75.Ke4  1-0

[Event "FSIM June"]
[Site "Budapest HUN"]
[Date "2006.06.05"]
[Round "1"]
[White "Vul,A"]
[Black "Konnyu,J"]
[Result "1/2-1/2"]
[WhiteElo "2396"]
[BlackElo "2262"]

1.Nf3 Nf6 2.c4 g6 3.g3 Bg7 4.Bg2 O-O 5.d4 d6 6.O-O Nc6 7.Nc3 a6 8.b3 Rb8
9.e3 e5 10.dxe5 Ng4 11.Bb2 Ncxe5 12.Nxe5 Nxe5 13.Qd2 Bh3 14.f4 Bxg2 15.Kxg2 Ng4
16.e4 b5 17.cxb5 axb5 18.Rfe1 b4 19.Nd1 Re8 20.Bxg7 Kxg7 21.h3 Nf6 22.Nf2 Rb5
23.Rac1 Kg8 24.Qd4 Ra5 25.Re2 c5 26.Qd3 Qa8 27.Rcc2 Ra7 28.Kh2 Rd7 29.Ng4 Nxg4+
30.hxg4 Qc6 31.Qc4 d5 32.Qxc5 Qxc5 33.Rxc5 Rxe4 34.Rd2 g5 35.fxg5 Kg7 36.Kh3 Re1
37.Rcxd5 Rxd5 38.Rxd5 Re2 39.Rd4 Rxa2 40.Rxb4 Rb2 41.Rb8 h6 42.gxh6+ Kxh6
43.b4 Kg6 44.b5 Kh6 45.b6 Kg6 46.b7 Kg7 47.g5 Rb1 48.Kg4 Rb2 49.Kf5 Rb1 50.Ke5 Rb2
51.g4 Rb1 52.Kd6 Rd1+ 53.Kc5 Rb1 54.Kc4 Rb2 55.Kd4 Rb1 56.Kc3 Rb6 57.Kd4 Rb1
58.Kd5 Rd1+ 59.Ke5 Re1+ 60.Kf5 Rf1+ 61.Ke4 Re1+ 62.Kd3 Rb1 63.Kc3 Rb6 64.Kc4 Rb1
65.Kc5 Rc1+ 66.Kd6 Rd1+ 67.Kc6 Rc1+ 68.Kd5 Rd1+ 69.Ke5 Re1+ 70.Kd6 Rd1+ 71.Kc6 Rc1+
72.Kd5  1/2-1/2

[Event "2nd Open"]
[Site "San Marino SMR"]
[Date "2006.06.05"]
[Round "1"]
[White "Pantsulaia,L"]
[Black "Gromovs,S"]
[Result "1-0"]
[WhiteElo "2611"]
[BlackElo "2315"]

1.Nf3 Nf6 2.c4 g6 3.g3 Bg7 4.Bg2 O-O 5.O-O d6 6.d4 Nbd7 7.Nc3 e5 8.h3 a6
9.e3 Rb8 10.a4 c6 11.a5 b5 12.axb6 Qxb6 13.c5 dxc5 14.dxe5 Ne8 15.Na4 Qc7
16.Qc2 Rb5 17.e6 fxe6 18.Ng5 Rf6 19.Nc3 Nd6 20.Nxb5 cxb5 21.Rd1 c4 22.Bd2 Qc5
23.Bc3 Qxg5 24.Rxd6 e5 25.Qd2 Rxd6 26.Qxd6 Qf6 27.Qc7 Qf8 28.Rd1  1-0

[Event "Lasker Mem A"]
[Site "Barlinek POL"]
[Date "2006.06.08"]
[Round "6"]
[White "Bylino,O"]
[Black "Kukla,M"]
[Result "1/2-1/2"]
[WhiteElo "2316"]
[BlackElo "2026"]

1.Nf3 Nf6 2.c4 g6 3.g3 Bg7 4.Bg2 O-O 5.O-O d6 6.Nc3 Nbd7 7.d4 e5 8.e4 exd4
9.Nxd4 Re8 10.h3 Nc5 11.Re1 a5 12.b3 c6 13.Rb1 Nfd7 14.Be3 Ne5 15.Qc2 f5
16.exf5 gxf5 17.Rbd1 Qf6 18.Nde2 f4 19.Nxf4 Bf5 20.Qe2 Ned3 21.Ncd5 cxd5
22.Bxd5+ Kh8 23.Nxd3 Nxd3 24.Rxd3 Bxd3 25.Qxd3 Re7 26.Rd1 Rae8  1/2-1/2

[Event "10th Heraclion Open"]
[Site "Athens GRE"]
[Date "2006.06.17"]
[Round "8"]
[White "Ornithopoulos,N"]
[Black "Koukoufikis,I"]
[Result "0-1"]
[WhiteElo "2145"]
[BlackElo "1918"]

1.c4 Nf6 2.Nf3 g6 3.g3 Bg7 4.Bg2 O-O 5.Nc3 c5 6.O-O Nc6 7.a3 d6 8.d3 Rb8
9.Rb1 b6 10.h3 Bb7 11.e4 e6 12.Kh2 Nd7 13.Be3 Nd4 14.Bxd4 cxd4 15.Ne2 e5
16.b4 f5 17.Nd2 Nf6 18.f3 Nh5 19.Nb3 f4 20.g4 Ng3 21.Nxg3 fxg3+ 22.Kxg3 Bh6
23.h4 Bf4+ 24.Kh3 h5 25.Rg1 Kh7 26.Rh1 g5 27.Qe1 Bc8 28.hxg5 Qxg5 29.Qh4 Rg8
30.Qxg5 Rxg5 31.Bf1 hxg4+ 32.Kg2+ Kg7 33.fxg4 Bxg4 34.Kf2 Rf8 35.Ke1 Bf3
36.Rh3 Bg4 37.Rd1 Bxh3 38.Bxh3 Be3 39.Bf5 Rh8 40.Ke2 Rh2+  0-1

[Event "Open A"]
[Site "Balatonlelle HUN"]
[Date "2006.06.17"]
[Round "1"]
[White "Banusz,T"]
[Black "Pesztericz,L"]
[Result "0-1"]
[WhiteElo "2460"]
[BlackElo "2199"]

1.Nf3 Nf6 2.c4 g6 3.g3 Bg7 4.Bg2 O-O 5.O-O d6 6.d4 Nc6 7.Nc3 e5 8.d5 Ne7
9.e4 Ne8 10.Ne1 f5 11.Nd3 Nf6 12.Bg5 fxe4 13.Nxe4 Nxe4 14.Bxe4 Bf5 15.Re1 Qd7
16.f4 Rae8 17.fxe5 dxe5 18.Nc5 Qd6 19.Be3 Bh6 20.Bf2 Bc8 21.Nd3 b6 22.c5 Qf6
23.Qb3 Kh8 24.Qc3 Bg7 25.Bg2 Nf5 26.cxb6 cxb6 27.Kh1 Qd6 28.Be4 Nd4 29.Bxd4 exd4
30.Qc6 Qd8 31.Bg2 Bd7 32.Qb7 Re3 33.Nf4 Rfe8 34.Rf1 Bb5 35.Ne6 Qd7 36.Qxd7 Bxd7
37.Nxg7 Kxg7 38.Rac1 Bb5 39.Rfd1 d3 40.Rc7+ Kh6 41.Rg1 d2  0-1

[Event "20th Open"]
[Site "Pula CRO"]
[Date "2006.06.19"]
[Round "2"]
[White "Nannelli,P"]
[Black "Markosian,D"]
[Result "0-1"]
[WhiteElo "2182"]
[BlackElo "2397"]

1.Nf3 Nf6 2.c4 g6 3.g3 Bg7 4.Bg2 O-O 5.Nc3 d6 6.O-O e5 7.d3 Nc6 8.Bg5 h6
9.Bxf6 Bxf6 10.Rb1 a5 11.a3 Bg7 12.b4 axb4 13.axb4 Be6 14.Nd5 Ne7 15.Nd2 c6
16.Nxe7+ Qxe7 17.b5 d5 18.Qc2 Ra3 19.e4 Rd8 20.bxc6 bxc6 21.Rb3 Rxb3 22.Nxb3 dxc4
23.dxc4 Qb4 24.Rc1 h5 25.Bf1 h4 26.gxh4 Bh6 27.Rb1 Qe7 28.Rd1 Rxd1 29.Qxd1 Qxh4
30.Qd3 Bf4 31.h3 Qg5+ 32.Bg2 Qe7 33.Na5 Qc5 34.Qc3 Bg5 35.Bf1 Bh4 36.Qd2 Bxf2+
37.Qxf2 Qxa5 38.h4 Qc3 39.Kh1 Qc1  0-1

[Event "20th Open"]
[Site "Pula CRO"]
[Date "2006.06.21"]
[Round "4"]
[White "Kolesar,Mil"]
[Black "Feletar,D"]
[Result "1/2-1/2"]
[WhiteElo "2253"]
[BlackElo "2391"]

1.Nf3 Nf6 2.c4 g6 3.g3 Bg7 4.Bg2 O-O 5.d4 c5 6.O-O cxd4 7.Nxd4 Nc6 8.Nc2 d6
9.Nc3 Bd7 10.Ne3 Rc8 11.Bd2 a6 12.b3 e6 13.Rc1 Qe7 14.Nc2 Rfd8 15.e4 Rb8
16.a4 Bc8 17.Be3 Qc7 18.Nd4 Ne5 19.h3 Ned7 20.Qc2 Re8 21.Rfd1 Bf8  1/2-1/2

[Event "Suduroy International"]
[Site "Vagur AUT"]
[Date "2006.06.27"]
[Round "5"]
[White "Andreasen,P"]
[Black "Thorsteinsson,S"]
[Result "0-1"]
[WhiteElo "2303"]
[BlackElo "2067"]

1.Nf3 Nf6 2.c4 g6 3.g3 Bg7 4.Bg2 O-O 5.O-O c5 6.d4 cxd4 7.Nxd4 Nc6 8.Nc3 Nxd4
9.Qxd4 d6 10.Qh4 Re8 11.Bh6 Rb8 12.Bxg7 Kxg7 13.Qd4 b6 14.Ne4 Bb7 15.Nxf6 exf6
16.e3 Bxg2 17.Kxg2 Rb7 18.Rfd1 Rd7 19.Rd2 Qe7 20.Rad1 Red8 21.b3 Qe5 22.Qd5 Kf8
23.Qf3 f5 24.Rd4 Re8 25.Rd5 Qe6 26.Qf4 Red8 27.R1d4 f6 28.h4 Kg7 29.h5 Qe7
30.e4 fxe4 31.Rxe4 Qf7 32.Qe3 Kf8 33.Qd4 f5 34.hxg6 hxg6 35.Re1 Kg8 36.a4 Qg7
37.Qf4 Qf7 38.Rh1 Qg7 39.Qg5 Kf7 40.Rh4 Rh8 41.Rxh8 Qxh8 42.a5 bxa5 43.c5 Qa8  0-1

[Event "Suduroy International"]
[Site "Vagur AUT"]
[Date "2006.06.28"]
[Round "6"]
[White "Rodgaard,J"]
[Black "Salama,O"]
[Result "1-0"]
[WhiteElo "2344"]
[BlackElo "2214"]

1.c4 Nf6 2.Nf3 g6 3.g3 Bg7 4.Bg2 O-O 5.O-O d6 6.d4 Nc6 7.Nc3 e5 8.d5 Ne7
9.c5 dxc5 10.Nxe5 Nfxd5 11.Nxd5 Bxe5 12.Bg5 f6 13.Bxf6 Bxf6 14.Nxf6+ Kg7
15.Ne4 Qxd1 16.Rfxd1 c4 17.Rac1 Nc6 18.Rxc4 Be6 19.Rc3 Rad8 20.Rxd8 Rxd8
21.f4 Bxa2 22.Kf2 Re8 23.Nc5 Nd4 24.e3 Nb5 25.Rd3 Nd6 26.Ra3 Bf7 27.Bxb7 Nxb7
28.Nxb7 Rb8 29.Rxa7 Bd5 30.Nc5 Rxb2+ 31.Kf1 Rxh2 32.Rxc7+ Kf6 33.e4 Bc4+
34.Kg1 Rc2 35.Rxh7 g5 36.Rh6+ Kg7 37.Rc6 gxf4 38.gxf4 Kf7 39.Nb7 Ke7 40.e5 Bd3
41.Rxc2 Bxc2 42.Nc5 Kf7 43.Kf2 Kg6 44.Ke3 Kf5 45.Nb7 Ke6 46.Nd6 Kd5 47.Kf3 Bd1+
48.Kg3 Ke6 49.Kh4 Bc2 50.Kg5 Bd3 51.Ne8 Ke7 52.Ng7 Kf7 53.Nf5 Ke6 54.Ne3 Be4
55.Kg4 Bc6 56.Kg3 Be4 57.Kf2 Bg6 58.Ke2 Kd7 59.Kd2 Kc6 60.Ng4 Kd5 61.Nf6+ Ke6
62.Ke3 Kf5 63.Ng8 Bh7 64.Nh6+ Kg6 65.Ng4 Kf5 66.Nh2 Bg8 67.Nf3 Ke6 68.Nh4 Kd5
69.Kf3 Bh7 70.Kg4 Be4 71.Nf3 Bd3 72.f5 Ke4 73.e6 Bb5 74.f6 Bc4 75.Ng5+ Ke5
76.f7 Bxe6+ 77.Nxe6  1-0

[Event "White Nights Open"]
[Site "St Petersburg RUS"]
[Date "2006.06.30"]
[Round "8"]
[White "Orlov,O2"]
[Black "Zakharov,Y"]
[Result "1-0"]
[WhiteElo "2134"]
[BlackElo "1996"]

1.Nf3 Nf6 2.c4 g6 3.g3 Bg7 4.Bg2 O-O 5.O-O d6 6.Nc3 Nbd7 7.d3 e5 8.h3 c6
9.Bd2 Qc7 10.b4 Re8 11.Ne1 Nh5 12.Nc2 f5 13.b5 Nc5 14.Rb1 Bd7 15.Nb4 e4 16.dxe4 fxe4
17.g4 e3 18.gxh5 exd2 19.Qxd2 gxh5 20.Nd3 Bf5 21.Rbd1 Nxd3 22.exd3 Qd7 23.bxc6 bxc6
24.Kh2 Be5+ 25.f4 Bd4 26.Rfe1 h4 27.Ne4 h6 28.Qa5 Rf8 29.Re2 Kh8 30.Qe1 Qd8
31.Nd2 Rc8 32.Nf3 Bf6 33.d4 Rc7 34.c5 d5 35.Ne5 Rg8 36.Bf3 Qf8 37.Rf2 Rg3
38.Bg4 Be4 39.Qxe4 dxe4 40.Ng6+ Kg7 41.Nxf8 Kxf8 42.Re2 Re7 43.d5 cxd5 44.Rxd5 Rc3
45.Bh5 e3 46.Rd6 Rf7 47.Bxf7 Kxf7 48.c6 Ke7 49.Rd7+ Ke8 50.Rxa7 Bd4 51.Rd7 Bb6
52.Rh7 Rxc6 53.Kg2 Rg6+ 54.Kf3 Rg3+ 55.Ke4 Rg6 56.Ke5 Bc5 57.Rc2 Bd6+ 58.Kf5  1-0

[Event "XXIV Andorra Open"]
[Site "Andorra la Vella AND"]
[Date "2006.07.09"]
[Round "2"]
[White "Reinaldo Castineira,R"]
[Black "Roktim,B"]
[Result "1/2-1/2"]
[WhiteElo "2450"]
[BlackElo "2365"]

1.Nf3 Nf6 2.c4 g6 3.g3 Bg7 4.Bg2 O-O 5.Nc3 d6 6.O-O c6 7.d3 a5 8.a3 h6 9.Rb1 Re8
10.b4 axb4 11.axb4 e5 12.b5 d5 13.Nd2 Be6 14.Qb3 Nbd7 15.Ba3 e4 16.bxc6 bxc6
17.cxd5 Nxd5 18.Nxd5 Bxd5 19.Nc4  1/2-1/2

[Event "Open"]
[Site "Albarino ESP"]
[Date "2006.07.10"]
[Round "8"]
[White "Bernal Moro,L"]
[Black "Milchev,N"]
[Result "1/2-1/2"]
[WhiteElo "2428"]
[BlackElo "2213"]

1.Nf3 Nf6 2.c4 g6 3.g3 Bg7 4.Bg2 O-O 5.O-O d6 6.d4 Nc6 7.d5 Na5 8.Nbd2 c5
9.e4 a6 10.Rb1 b5 11.b3 Bg4 12.Bb2 Nd7 13.Bxg7 Kxg7 14.Qc2 Bxf3 15.Bxf3 bxc4
16.bxc4 Qc7 17.Qc3+ Kg8 18.Bg4 Nf6 19.Bh3 Rfb8 20.f4 Rxb1 21.Rxb1 Ra7 22.e5 Ne8
23.Kf2 Rb7 24.Rxb7 Nxb7 25.Ke2 f6 26.e6 f5 27.Bg2 Qb6 28.Qb3 Qb4 29.a3 Qxb3
30.Nxb3 Nc7 31.Bf3 Na8 32.Kd3 Nb6 33.Kc3 Kg7 34.Bd1 Kf6 35.h4 h6 36.Nd2 Na5
37.Be2  1/2-1/2

[Event "Open"]
[Site "Kavala GRE"]
[Date "2006.07.11"]
[Round "9"]
[White "Zysk,R"]
[Black "Jankovic,A"]
[Result "0-1"]
[WhiteElo "2474"]
[BlackElo "2525"]

1.Nf3 Nf6 2.c4 g6 3.g3 Bg7 4.Bg2 O-O 5.O-O d6 6.d4 Nc6 7.Nc3 a6 8.Bd2 Rb8
9.Rc1 Bd7 10.d5 Na5 11.Nb1 c5 12.Qe1 b6 13.e4 e5 14.dxe6 Bxe6 15.b3 Nc6 16.Rd1 Nd7
17.Bf4 Nde5 18.Nxe5 Nxe5 19.Nc3 b5 20.cxb5 axb5 21.Nd5 Ra8 22.Qe2 Qa5 23.Rd2 Bxd5
24.Rxd5 Qxa2 25.Qxa2 Rxa2 26.Rxd6 c4 27.Rd5 Nd3 28.Be3 Rb2 29.bxc4 bxc4 30.Rd1 Nb4
31.Rc5 c3 32.Bf1 c2 33.Rd7 Rb1 34.Kg2 Bb2 35.Rdc7 Kg7 36.Bd2 Rd8 37.Bg5 Bf6
38.Be3 Bd4 39.Bxd4+ Rxd4 40.Bc4 c1=Q 41.Rxf7+ Kh6 42.Rcc7 Qxc4 43.Rxh7+ Kg5  0-1

[Event "25th Open"]
[Site "St Veit AUT"]
[Date "2006.07.11"]
[Round "4"]
[White "Schippel,G"]
[Black "Sandhoefner,F"]
[Result "0-1"]
[WhiteElo "2093"]
[BlackElo "2271"]

1.Nf3 Nf6 2.c4 g6 3.g3 Bg7 4.Bg2 O-O 5.O-O d6 6.d4 Nc6 7.Nc3 a6 8.d5 Na5
9.Nd2 c5 10.Rb1 Rb8 11.Qc2 b5 12.b3 Bh6 13.f4 g5 14.Nde4 gxf4 15.Nxf6+ exf6
16.Bxf4 Bg7 17.Ne4 Bf5 18.g4 Bg6 19.Qd3 Re8 20.h4 Qd7 21.Bxd6 Bxe4 22.Bxe4 Qxd6
23.Bxh7+ Kh8 24.Rf5 bxc4 25.bxc4 Rxb1+ 26.Qxb1 Qg3+ 27.Kf1 Qxg4 28.Rf2 Nxc4
29.Bf5 Ne3+ 30.Ke1 Qg1+ 31.Kd2 Qxf2  0-1

[Event "Aegean Open"]
[Site "Agios Kirikos GRE"]
[Date "2006.07.13"]
[Round "2"]
[White "Groh,J"]
[Black "Poulos,G"]
[Result "1-0"]
[WhiteElo "2148"]
[BlackElo "2014"]

1.c4 Nf6 2.Nf3 g6 3.g3 Bg7 4.Bg2 O-O 5.O-O d5 6.cxd5 Nxd5 7.d4 Nc6 8.e4 Nb6
9.d5 Na5 10.Nc3 c6 11.Nd4 cxd5 12.exd5 e5 13.Nc2 Nac4 14.a4 a5 15.Na3 Bd7
16.Qe2 Rc8 17.Nab5 f5 18.b3 Bxb5 19.Nxb5 e4 20.Ra2 Ne5 21.Ba3 Rf6 22.Rd1 Nd3
23.d6 Nd5 24.Rxd3  1-0

[Event "6th TCh-Euro u18 Girls"]
[Site "Balatonlelle HUN"]
[Date "2006.07.14"]
[Round "3"]
[White "Franciskovic,B"]
[Black "Hoolt,S"]
[Result "1-0"]
[WhiteElo "2160"]
[BlackElo "2122"]

1.c4 Nf6 2.Nf3 g6 3.g3 Bg7 4.Bg2 O-O 5.O-O d5 6.cxd5 Nxd5 7.Nc3 c5 8.Nxd5 Qxd5
9.d3 Nc6 10.Be3 Qd6 11.Rc1 Nd4 12.Nxd4 cxd4 13.Bd2 Bg4 14.h3 Be6 15.Qa4 a5
16.Qb5 Bd7 17.Qxb7 Rab8 18.Qc7 Rxb2 19.Qxd6 exd6 20.Bxa5 Rxa2 21.Bc7 Rxe2
22.Bxd6 Rd8 23.Bf4 h6 24.Rfe1 Rde8 25.Kf1 Rxe1+ 26.Rxe1 Rc8 27.Rc1 Rc3 28.Ke2 Bb5
29.Be4 Kf8 30.Bd2 Rb3 31.g4 Ke8 32.Rc7 Be5 33.Rxf7 Kxf7 34.Bd5+ Kf6 35.Bxb3 h5
36.g5+ Kf5 37.Bd5 Bf4 38.Be4+ Ke5 39.Bxg6 Bxd2 40.Kxd2 h4 41.Be4 Bd7 42.Ke2 Bxh3
43.Kf3 Be6 44.g6 Kf6 45.Kg2 Kg5 46.Kh2 Kf4 47.g7 Bg8 48.Kh3 Kg5 49.f4+ Kf6
50.Kxh4 Kxg7 51.Kg5 Be6 52.f5 Bb3 53.Bf3 Bc2 54.f6+ Kf8 55.Be4 Bb3 56.Bg6 Bc2
57.Kf4 Bb3 58.Ke5 Ba2 59.Kxd4 Bb1 60.Ke5 Bc2  1-0

[Event "US Junior"]
[Site "Dallas USA"]
[Date "2006.07.16"]
[Round "2"]
[White "Maltese,A"]
[Black "Gulamali,K"]
[Result "0-1"]
[WhiteElo "2216"]
[BlackElo "2302"]

1.Nf3 Nf6 2.c4 g6 3.g3 Bg7 4.Bg2 O-O 5.O-O d6 6.d4 Nc6 7.Nc3 a6 8.b3 Rb8
9.a4 a5 10.Bb2 Bg4 11.d5 Bxf3 12.exf3 Nb4 13.f4 Nd7 14.Rb1 Nc5 15.Ba1 Re8
16.Re1 Qd7 17.Re3 c6 18.dxc6 bxc6 19.Ne4 Nxe4 20.Bxe4 Bxa1 21.Rxa1 d5 22.Bf3 e6
23.h4 Qd6 24.h5 Red8 25.cxd5 cxd5 26.hxg6 hxg6 27.Kg2 Rbc8 28.Re2 Qf8 29.Rc1 Rxc1
30.Qxc1 Rc8 31.Qd1 Qc5 32.Qh1 Qd4 33.Qe1 Rc6 34.f5 gxf5 35.Qh1 Qh8 36.Bh5 Qf6
37.Bf3 Kg7 38.Qd1 Rc3 39.Re1 Rd3 40.Qc1 f4 41.Bd1 fxg3 42.fxg3 Qh6 43.Qc7 Rd2+
44.Be2 Nd3 45.Qc3+ e5  0-1

[Event "Czech Open A"]
[Site "Pardubice CZE"]
[Date "2006.07.21"]
[Round "1"]
[White "Nester,I"]
[Black "Barthel,A"]
[Result "1-0"]
[WhiteElo "2417"]
[BlackElo "2227"]

1.Nf3 Nf6 2.c4 g6 3.g3 Bg7 4.Bg2 O-O 5.d4 d6 6.Nc3 Nbd7 7.O-O e5 8.e4 h6
9.h3 Nh7 10.Be3 Ng5 11.Nxg5 hxg5 12.Rc1 exd4 13.Bxd4 Ne5 14.c5 dxc5 15.Bxc5 Re8
16.Qxd8 Rxd8 17.Be7 Rd2 18.Rfd1 Rxd1+ 19.Rxd1 Be6 20.Nd5 Rb8 21.b3 g4 22.Nxc7 gxh3
23.Nxe6 fxe6 24.Bxh3 Nf3+ 25.Kg2 Nd4 26.Bc5 e5 27.f4 Rc8 28.Bxc8  1-0

[Event "Sunny Pawn A"]
[Site "Illichevsk UKR"]
[Date "2006.07.24"]
[Round "5"]
[White "Itkis,B"]
[Black "Vovk,Y"]
[Result "0-1"]
[WhiteElo "2453"]
[BlackElo "2441"]

1.Nf3 Nf6 2.c4 g6 3.g3 Bg7 4.Bg2 O-O 5.O-O d6 6.d4 Nc6 7.Nc3 a6 8.h3 Rb8
9.Be3 b5 10.Nd2 Bd7 11.Rc1 e5 12.dxe5 Nxe5 13.b3 Re8 14.Bg5 bxc4 15.Nd5 h6
16.Bxf6 Bxf6 17.Nxf6+ Qxf6 18.Nxc4 Nxc4 19.Rxc4 Bb5 20.Rc2 c5 21.Rd2 Qe5
22.Re1 a5 23.Rxd6 Bxe2 24.Qd2 c4 25.bxc4 Rb2 26.Qd5 Kg7 27.a4 Qc3 28.Qd4+ Qxd4
29.Rxd4 Rc8 30.Rc1 Rb4 31.Rd2 Bxc4 32.Rdc2 Rxa4 33.Bb7 Rb8 34.Bc6 Bb5 35.Bxb5 Rxb5
36.Rc7 Ra2 37.R1c4 Rf5 38.Rf4 Rxf4 39.gxf4 Rb2 40.Rc5 a4 41.Ra5 Rb4 42.f5 g5
43.Ra6 Rf4 44.Kg2 h5 45.Kg3 Rb4 46.Kg2 h4 47.Kh2 Rc4 48.Kg2 Rf4 49.Kg1 Rf3
50.Kg2 Ra3 51.Rc6 Ra1 52.Ra6 a3 53.Kh2 a2 54.Kg2 f6 55.Kh2 Kf7 56.Kg2 Ke7
57.Re6+ Kd7 58.Re2 Rg1+  0-1

[Event "Czech Open A"]
[Site "Pardubice CZE"]
[Date "2006.07.24"]
[Round "4"]
[White "Lyanguzov,O"]
[Black "Solovjov,S"]
[Result "0-1"]
[WhiteElo "2355"]
[BlackElo "2434"]

1.c4 Nf6 2.Nf3 g6 3.g3 Bg7 4.Bg2 O-O 5.O-O d6 6.Nc3 e5 7.d3 Nc6 8.Rb1 a5
9.a3 Nd4 10.Nxd4 exd4 11.Nb5 Ng4 12.h3 c6 13.hxg4 Bxg4 14.Nc3 dxc3 15.bxc3 Qe7
16.f3 Be6 17.Qc2 h5 18.e4 d5 19.cxd5 cxd5 20.Be3 Rfc8 21.d4 Qxa3 22.Rb3 Qe7
23.Rfb1 dxe4 24.Rxb7 Qa3 25.Qxe4 Qxc3 26.d5 Bf5 27.Qe7 Bxb1  0-1

[Event "Czech Open A"]
[Site "Pardubice CZE"]
[Date "2006.07.28"]
[Round "8"]
[White "Mankeyev,Raua"]
[Black "Toma,K"]
[Result "1/2-1/2"]
[WhiteElo "2369"]
[BlackElo "2256"]

1.Nf3 Nf6 2.c4 g6 3.g3 Bg7 4.Bg2 O-O 5.O-O d5 6.cxd5 Nxd5 7.d4 Nc6 8.e4 Nb6
9.d5 Na5 10.Qe2 c6 11.dxc6 Nxc6 12.Rd1 Bd7 13.Nc3 Qc8 14.Be3 Bg4 15.Rac1 Rd8
16.Nd5 Qb8 17.h3 Bxf3 18.Bxf3 e5 19.Nxb6 axb6 20.Bxb6 Rxd1+ 21.Qxd1 Rxa2
22.Qb3 Qa8 23.Rc4 Ra1+ 24.Kg2 Qa2 25.Qxa2 Rxa2 26.b3 Rb2 27.Rc3 Bf8 28.Bg4 Bb4
29.Rd3 Nd4 30.Bc8  1/2-1/2

[Event "MTO Open"]
[Site "Biel SUI"]
[Date "2006.07.31"]
[Round "7"]
[White "Cvitan,O"]
[Black "Kolbus,D"]
[Result "1/2-1/2"]
[WhiteElo "2539"]
[BlackElo "2394"]

1.c4 Nf6 2.Nf3 g6 3.g3 Bg7 4.Bg2 O-O 5.O-O d5 6.cxd5 Nxd5 7.Nc3 Nb6 8.d3 Nc6
9.Be3 h6 10.Rc1 e5 11.Ne4 Nd4 12.Nc5 c6 13.Bd2 Re8 14.b4 Nd5 15.e3 Nxf3+
16.Qxf3 b6 17.Nb3 Bb7 18.Rfd1 Qe7 19.Qe4 Rad8 20.Qc4 Kh7 21.a3 Rd7 22.Be1 Red8
23.Qc2 Re8 24.Nd2 Rdd8 25.Nf3 Rd7 26.h4 Kh8 27.d4 exd4 28.exd4 Rd6 29.Ne5 Kg8
30.Bd2 Qd8 31.Qb3 Re7 32.Re1 Qe8 33.a4 Bxe5 34.dxe5 Rxe5 35.Rxe5 Qxe5 36.Bxh6 Bc8
37.Qc4 Be6 38.Qa6 Kh7 39.Bg5 Rd7 40.Qc4 Qd6 41.h5 f6 42.hxg6+ Kxg6 43.Bd2 Ne7
44.Bf4 Bxc4 45.Bxd6  1/2-1/2

[Event "Dutch Open"]
[Site "Dieren NED"]
[Date "2006.08.02"]
[Round "8"]
[White "Greenfeld,A"]
[Black "Nijboer,F"]
[Result "1/2-1/2"]
[WhiteElo "2551"]
[BlackElo "2598"]

1.Nf3 Nf6 2.c4 g6 3.g3 Bg7 4.Bg2 O-O 5.O-O d6 6.d4 Nc6 7.Nc3 Rb8 8.Bd2 a6
9.Rc1 e5 10.dxe5 dxe5 11.Bg5 h6 12.Qxd8 Rxd8 13.Bxf6  1/2-1/2

[Event "17th Jozef Kochan Mem"]
[Site "Koszalin POL"]
[Date "2006.08.06"]
[Round "3"]
[White "Kveinys,A"]
[Black "Piorun,K"]
[Result "1-0"]
[WhiteElo "2546"]
[BlackElo "2126"]

1.Nf3 Nf6 2.c4 g6 3.g3 Bg7 4.Bg2 O-O 5.O-O d6 6.Nc3 e5 7.d4 Nbd7 8.e4 c6
9.h3 Re8 10.Be3 exd4 11.Nxd4 Nc5 12.Qc2 a5 13.Rad1 Nfd7 14.Nb3 Qc7 15.Rfe1 a4
16.Nxc5 Nxc5 17.f4 Qa5 18.Bd4 Bxd4+ 19.Rxd4 a3 20.b3 f5 21.Qd2 Qb6 22.Kh2 fxe4
23.Rxd6 Qc7 24.Nxe4 Nxe4 25.Rxe4 Bf5 26.Red4 Qf7 27.g4 Be6 28.Re4 Rac8 29.Re5 Kg7
30.Qe3 Bd7 31.Qd4 Rxe5 32.Rxd7  1-0

[Event "93rd ch-GBR"]
[Site "Swansea WLS"]
[Date "2006.08.08"]
[Round "2"]
[White "Snape,I"]
[Black "Dilleigh,S"]
[Result "1/2-1/2"]
[WhiteElo "2241"]
[BlackElo "2134"]

1.c4 g6 2.g3 Bg7 3.Bg2 Nf6 4.Nf3 O-O 5.O-O d6 6.Nc3 Nc6 7.Rb1 Bf5 8.d3 Qd7
9.b4 Bh3 10.b5 Nd8 11.Nd5 Bxg2 12.Kxg2 Nh5 13.d4 e6 14.Nf4 Nxf4+ 15.Bxf4 f5
16.c5 Nf7 17.Qb3 Qe7 18.h4 h6 19.Qb4 g5 20.hxg5 hxg5 21.cxd6 cxd6 22.Bd2 g4
23.Nh4 Qf6 24.Be3  1/2-1/2